Desarrollo de competencias de mentoring y coaching

Saved in:
Bibliographic Details
Main Author: Valderrama, Beatriz (Author)
Format: Book
Language:Spanish
Published: Madrid Prentice Hall 2009
Subjects:
Tags: Add Tag
No Tags, Be the first to tag this record!

MARC

LEADER 00000nam a2200000 a 4500
001 UCH5181
003 CL-VaPUC
008 091008e20090000SP |||||||||||||||||spa|d
020 |a 9788483225974 
082 0 4 |a 658.31242  |b VAL  |2 21 
100 0 |a Valderrama, Beatriz  |e author  |9 541383 
245 1 0 |a Desarrollo de competencias de mentoring y coaching 
300 |a 184 p 
942 |c BK 
945 |d 20091008 00:00:00  |a rbrito 
260 |a Madrid  |b Prentice Hall  |c 2009 
650 0 |a Coaching   |9 541384 
650 0 |a Orientación vocacional  |9 255692 
650 0 |a Relaciones interpersonales  |9 307056 
650 0 |a Psicología industrial  |9 271739 
650 0 |a Liderazgo  |9 271835 
650 0 |a Autosuperación   |9 463054 
650 0 |a Desarrollo de competencias   |9 541385 
583 |a last modification  |c 20091008 00:00:00  |k Rodrigo Vera 
999 |c 336364  |d 336362 
952 |0 0  |1 0  |4 0  |6 658_312420000000000_VAL_2009  |7 0  |8 A  |9 427584  |a BIBENE  |b BIBENE  |d 2019-11-22  |i 4605349  |l 2  |m 1  |o 658.31242 VAL 2009  |p 4605349  |r 2025-04-15  |s 2025-04-02  |w 2019-11-22  |y BK  |k ICO